| 000 | 00379 a2200133 4500 | ||
|---|---|---|---|
| 020 | _a0-19-579340-4 | ||
| 020 | _a978-0-19-579340-6 | ||
| 040 |
_aDLC _bEnglish |
||
| 100 | _aHaqqee, Shanul Haq | ||
| 245 | 0 | 0 |
_aOxford English Urdu dictionary _cShanul Haq Haqqee |
| 260 |
_aOxford : _bOxford University Press, _cc1995 |
||
| 300 |
_a2099 p. _c26 cm. |
||
| 942 |
_cBK _k423.491439 HAQ _2ddc |
||
| 999 |
_c10145 _d10145 |
||